Pays hôtes des Jeux olympiques d'été - Statistiques

Statistiques générales
  • Ce quiz a été pris 136 fois
  • Le résultat moyen est 28 sur 30
Statistiques - réponses
Année Pays % Correct
1900 France
100%
1924 France
100%
2024 France
100%
2016 Brésil
99%
2008 Chine
98%
1904 États-Unis
98%
1932 États-Unis
98%
1984 États-Unis
98%
1996 États-Unis
98%
1896 Grèce
98%
2004 Grèce
98%
1964 Japon
98%
2020 Japon
98%
1908 Royaume-Uni
98%
1948 Royaume-Uni
98%
2012 Royaume-Uni
98%
1936 Allemagne
97%
1972 Allemagne de l’Ouest
97%
1992 Espagne
96%
1980 Union soviétique
94%
1976 Canada
92%
1956 Australie
91%
2000 Australie
91%
1960 Italie
89%
1968 Mexique
89%
1988 Corée du Sud
83%
1912 Suède
81%
1920 Belgique
73%
1928 Pays-Bas
72%
1952 Finlande
64%
Aucun quiz correspondant
Distribution des résultats
% des personnes avec chaque résultat
Percentile par nombre de réponses
Votre historique - résultats
Vous n’avez pas pris ce quiz